Star Wars Planets and Moons by Movie - Rogue One - Statistics

General Stats
  • This quiz has been taken 81 times
  • The average score is 3 of 6
Answer Stats
Answer % Correct
Scarif
98%
Jedha
80%
Eadu
59%
Wobani
47%
Lah'mu
24%
Mustafar
24%
No matching quizzes found
Score Distribution
Percent of People with Each Score
Percentile by Number Answered
Your Score History
You have not taken this quiz